| 000 | 01539cab a2200205 4500 | ||
|---|---|---|---|
| 001 | ABS36957 | ||
| 008 | 090401t1986 xxu||||| |||| 00| 0 eng d | ||
| 035 | _a(Sirsi) u1232 | ||
| 041 | _aeng | ||
| 100 | _aYoung, E. | ||
| 245 | _aCompensation for compulsory purchase: equivalence and the date for fixing interests | ||
| 260 | _c1986 | ||
| 350 | _a0 | ||
| 490 |
_aJPL _v(1986) , 727-744 (18) |
||
| 520 | _aThis article examines the complex law relating to the date at which interests in land are to be taken as fixed for compensation purposes. Begins with a brief discussion of the decision Birmingham Corporation v West Midland Baptist Trust Association (1969) 20 P&CR 1052 which has exercised an important influence on later decisions relating to the appropriate date for the fixing of interests in land . Goes on to examine the authority for the proposition that interests in land are fixed as at the date an acquiring authority serves notice to treat in respect of land, referred to as the "traditional" approach; discusses a number of decisions pre the West Midland Baptist Case which appeared to depart from the "traditional" approach and finally considers cases decided since the West Midland Baptist Case which tend to support the view that interests as well as values are now to be taken as at what has come to be known as the valuation date . | ||
| 690 | _aENVIRONMENTAL AND LAND CONSULTANCY-PLANNING AND DEVELOPMENT-COMPULSORY PURCHASE AND COMPENSATION | ||
| 700 | _aRowan-Robinson, J. | ||
| 942 | _n0 | ||
| 948 | _c04/03/1997 | ||
| 999 |
_c671 _d671 |
||